000 00460nam a22001697a 4500
003 UA-OsUOA
001 13102
007 ta
008 20030415b un ||||| |||| 00| 0 ukr d
942 _cSA
040 _aUA-OsUOA
_cUA-OsUOA
_dUA-OsUOA
245 _aНагороди театралам
300 _aС.2
955 _a0
773 0 _w0
_tВісті Рівненщини
_dРівне
_d2003
_g№28/2 квіт./
650 7 _aКраєзнавча робота
_2UDC
999 _c299263
_d299263